Państwa Znajdujące się za 2 Granicy od Francji - Statystyki

Ogólne statystyki
  • Ten quiz został rozwiązany 14 razy
  • Średni wynik to 14 z 18
Statystyki odpowiedzi
Bezpośrednia granica Odpowiedz % Poprawnych
Włochy Austria
100%
Niemcy Czechy
100%
Belgium, Germany Holandia
100%
Niemcy Polska
100%
Hiszpania Portugalia
100%
Włochy San Marino
100%
Włochy Słowenia
100%
Włochy Watykan
100%
Niemcy Dania
92%
Szwajcaria Liechtenstein
83%
Brazylia Argentyna
50%
Brazylia Boliwia
50%
Brazil, Suriname Gujana
50%
Brazylia Kolumbia
50%
Brazylia Peru
50%
Brazylia Urugwaj
50%
Brazylia Wenezuela
50%
Brazylia Paragwaj
33%
Nie znaleziono quizów pasujących do podanych kryteriów
Rozkład punktacji
Procent ludzi z każdym wynikiem
Percentyl według liczby udzielonych odpowiedzi
Twoja historia wyników
Nie rozwiązałeś tego quizu